000 00439nam a2200169 i 4500
001 bg
100 1 _aBORKOWSKI, Andrzej
245 0 _aUkłady scalone w stabilizatorach napięcia stałego /
_cA. Borkowski.
250 _aWyd. 2 rozsz.
260 _aWarszawa,
_c1985.
650 9 _aUkłady elektroniczne
040 _cBPK
041 _apol
080 _a621.382:621.316.72
942 _cKS
008 s pl f |000 0 pol
999 _c28105
_d28105
856 _uhttp://koha.tu.koszalin.pl/cgi-bin/koha/opac-detail.pl?biblionumber=28105
_yKatalog online BPK